000 00649nam a2200229 a 4500
001 BRL_257
005 20190320210645.0
008 150713s1964----fr-a######---#000-0#fre-#
041 _afre
044 _afr
050 4 _aND3363
_b.M36 1964
100 1 _aMandel, Gabriel
_923379
245 1 0 _aLes manuscrists á peintures
_cGabriel Mandel.
260 _aParís
_bPont Royal
_c1964
300 _a176 p.
_bil. (algunas a color), 1 hoja plegable
_c19 cm.
440 0 _aLe livre-musée
_n7
_923380
500 _aAu278
650 1 4 _aIluminacion de libros y manuscritos
_95267
650 1 4 _aMiniaturas
_xPintura
_923381
902 _aGRL
942 _2lcc
_cB
999 _c9070
_d9070